01388nam a2200301 i 4500001001000000003000900010005001700019007000300036008004100039020001500080040003000095041001900125082001700144111012400161245025700285246002800542246003200570264004900602270015500651300002800806336002700834337003300861338002800894700004100922700004400963700003901007700004001046000003322DO-SdBNP20260519144510.0ta090708s1992 dr a r 001 0 spa d a848953800X aDO-SdBNPbspacBNPHUerda11aspabfrenheng 4axxxbxxx2221 aEncuentro internacional pobreza y medio ambiente en el CaribecSantiago, República Dominicanad(1992, octubre. 21-25)10aPobreza y medio ambiente = Poverty and environment = Pauvrete et environnement :bbasado principalmente en las actas de un encuentro internacional /ccompiladores, Gavino Severino, Víctor Eddy Ruiz ; traducción, Lourdes Meyreles, Isabel Germosén.31iPoverty and environment31aPauvreté et environnement 1aSanto Domingo :bENDA-Caribe ; PUCMM,c1992. aENDA- CaribeaApartado. 3370bSanto DomingodRepública Dominicanak1 809 566-8321l1 809 541-3259menda!caribe@redid.org.domendacaribe@pucmm.edu.do a440 páginas ;c21 cm. atextobtxt2rdacontent asin mediaciónbn2rdamedia avolumenbnc2rdacarrier1 aSeverino, Gavino,ecompilador4comp.1 aRuiz, Víctor Eddy,ecompilador4comp.1 aMeyreles, Lourdes,etraductor4tr.1 aGermosén, Isabel,etraductor4tr.